| 000 | 00666nam a2200217Ia 4500 | ||
|---|---|---|---|
| 003 | IN-BaIIA | ||
| 008 | 211028s9999 xx 000 0 eng d | ||
| 020 | _a9971-50-447-2 | ||
| 040 | _cIIA Library | ||
| 080 |
_a523.64(082.2) _bCOM |
||
| 245 | 0 |
_aCometary and solar plasma physics _cedited by B. Buti |
|
| 260 |
_aSingapore _bWorld Scientific _c1988 |
||
| 300 | _avii, 364p. | ||
| 650 | _aAstronomy and astrophysics thesaurus | ||
| 650 |
_aComets _9755 |
||
| 650 |
_aMagnetohydrodynamics _91666 |
||
| 650 |
_aPlasmas _91898 |
||
| 650 |
_aSolar plasma physics _916124 |
||
| 700 |
_aButi, B., ed. _910196 |
||
| 942 | _cBK | ||
| 999 |
_c9567 _d9567 |
||